| 000 | 00345nam a2200133Ia 4500 | ||
|---|---|---|---|
| 008 | 240624s9999 xx 000 0 und d | ||
| 041 | _aeng | ||
| 082 | _a658.3 QUE | ||
| 100 | _aQUELCH JOHN A | ||
| 245 | _aCOMPASSIONATE MANAGEMENT OF MENTAL HEALT | ||
| 260 |
_c2018 _aSwitzerland _bSpringer |
||
| 300 | _axx, 215 p.; 23 cm. | ||
| 365 |
_cERU _b32 |
||
| 999 |
_c31962 _d31962 |
||